| 000 | 00511nam a2200145Ia 4500 | ||
|---|---|---|---|
| 008 | 100122s9999 xx 000 0 und d | ||
| 082 |
_b42343 _a823.08 |
||
| 100 | _aभावे अनंत | ||
| 245 | _aदुरंगी हे राशी सामना | ||
| 260 |
_bश्रीविद्या प्रकाशन _c1988 |
||
| 300 | _a152 | ||
| 630 | _aदुरंगी हे राशी सामना | ||
| 730 | _aदुरंगी हे राशी सामना | ||
| 942 | _cBOOK | ||
| 999 |
_c422765 _d422762 |
||